Niemiecki słówka 4 - Statystyki

Ogólne statystyki
  • Ten quiz został rozwiązany 26 razy
  • Średni wynik to 20 z 30
Statystyki odpowiedzi
Hint Odpowiedź % Poprawnych
finał das Finale
89%
ruszać się bewegen sich
78%
mistrz der Meister
78%
mistrzostwa die Meisterschaft
78%
mistrzostwa świata die Weltmeisterschaft
78%
ustanawiać rekord einen Rekord aufstellen
78%
siatka* das Netz
67%
turniej das Turnier
67%
przypadek dopingu* der Dopingfall
67%
sukces der Erfolg
67%
kij do hokeja* der Hockeyschläger
67%
kosz* der Korb
67%
siłownia* der Kraftraum
67%
sport wyczynowy der Leistungssport
67%
puchar der Pokal
67%
zwycięzca der Sieger
67%
wyciąg narciarski* der Skilift
67%
pokonany der Verlierer
67%
lodowisko* die Eishalle
67%
drużyna die Mannschaft
67%
zajmować pierwsze miejsce Platz belegen
67%
oszustwo* der Betrug
56%
sport uprawiany rekreacyjnie der Breitensport
56%
zagrożenie die Gefahr
56%
medal die Medaille
56%
porażka die Niederlage
56%
igrzyska olimpijskie die Olympischen Spiele
56%
kolejka linowa* die Seilbahn
56%
być na dopingu* gedopt sein
56%
porażka der Misserfolg
44%
Nie znaleziono quizów pasujących do podanych kryteriów
Rozkład punktacji
Procent ludzi z każdym wynikiem
Percentyl według liczby udzielonych odpowiedzi
Twoja historia wyników
Nie rozwiązałeś tego quizu